LEADER 01617nam2 2200349 i 450 001 SUN0054549 005 20180507084359.960 010 $a978-35-405-3377-1$d0.00 100 $a20061016d1992 |0engc50 ba 101 $aeng 102 $aDE 105 $a|||| ||||| 200 1 $aˆ3: ‰Theory of surfaces$fedited by Y. D. Burago and V. A. Zalgaller 210 $aBerlin [etc.]$cSpringer$d1992 215 $a256 p.$d23 cm. 410 1$1001SUN0024175$12001 $a*Encyclopaedia of mathematical sciences$feditor in chief: R. V. Gamkrelidze$v48$1210 $aBerlin$cSpringer. 461 1$1001SUN0055422$12001 $a*Geometry$v3$1210 $aBerlin$cSpringer$d1991-$1215 $av.$d25 cm. 606 $a53A05$xSurfaces in Euclidean and related space [MSC 2020]$2MF$3SUNC023814 620 $dBerlin$3SUNL000066 702 1$aZalgaller$b, Viktor A.$3SUNV038829 702 1$aBurago$b, Yuriu D.$3SUNV043134 712 $aSpringer$3SUNV000178$4650 790 1$aZalgaller, Viktor Abramovic$zZalgaller, Viktor A.$3SUNV055522 790 1$aZalgaller, V.A.$zZalgaller, Viktor A.$3SUNV064737 790 1$aZalgaller, V. A.$zZalgaller, Viktor A.$3SUNV064738 790 1$aBurago, Yurij Dmitrievich$zBurago, Yuriu D.$3SUNV065235 801 $aIT$bSOL$c20201019$gRICA 856 4 $u/sebina/repository/catalogazione/documenti/Burago, Zalgaller - Geometry III.pdf$zContents 912 $aSUN0054549 950 $aUFFICIO DI BIBLIOTECA DEL DIPARTIMENTO DI MATEMATICA E FISICA$d08PREST 53-XX 0644 $e08 2983 I 20061016 996 $aTheory of surfaces$91404745 997 $aUNICAMPANIA LEADER 01488oam 2200421 450 001 9910150199503321 005 20171024132551.0 010 $a0-7369-6452-5 035 $a(CKB)3710000000942247 035 $a(DLC) 2016025622 035 $a(EXLCZ)993710000000942247 100 $a20160601d2016 uy 0 101 0 $aeng 135 $aur||||||||||| 181 $2rdacontent 182 $2rdamedia 183 $2rdacarrier 200 14$aThe biblical counseling guide for women /$fJohn D. Street, Jr. and Janie Street 210 1$aEugene, Oregon :$cHarvest House Publishers,$d2016. 215 $a1 online resource 311 $a0-7369-6451-7 327 $aAbuse -- Adultery -- Anger -- Anorexia -- Anxiety -- Appearance -- Bitterness -- Borderline personality disorder -- Chemical abuse -- Depression -- Guilt -- Obsessive compulsive disorder -- Panic attacks -- Post-traumatic stress disorder -- Schizophrenia. 606 $aWomen$xPastoral counseling of 606 $aChristian life$xBiblical teaching 606 $aChurch work with women 615 0$aWomen$xPastoral counseling of. 615 0$aChristian life$xBiblical teaching. 615 0$aChurch work with women. 676 $a259.082 700 $aStreet$b, John D.$f1952-$01244751 702 $aStreet$b Janie 801 0$bDLC 801 1$bDLC 801 2$bDLC 906 $aBOOK 912 $a9910150199503321 996 $aThe biblical counseling guide for women$92887345 997 $aUNINA